[Event "ch-NOR"]
[Site "Fredrikstad NOR"]
[Date "2010.07.05"]
[Round "3"]
[White "Sahl,Bj"]
[Black "Urkedal,F"]
[Result "1/2-1/2"]
[WhiteElo "2360"]
[BlackElo "2414"]

1.d4 Nf6 2.c4 e6 3.Nf3 b6 4.Nc3 Bb7 5.Bg5 h6 6.Bh4 Bb4 7.Nd2 Bxc3 8.bxc3 d6
9.a4 Nc6 10.Qb1 g5 11.Bg3 Nh5 12.e3 Na5 13.Nb3 Nxb3 14.Qxb3 Ke7 15.a5 Bc6
16.f3 Nxg3 17.hxg3 Kf6 18.Kf2 Kg7 19.Be2 h5 20.Qb4 Qf6 21.axb6 axb6 22.Rxa8 Bxa8
23.Qb5 h4 24.g4 Bb7 25.Qd7 Qd8 26.Qb5 Qf6 27.Qd7 Qd8 28.Qb5 Qf6  1/2-1/2

[Event "ZDMI Open"]
[Site "Dresden GER"]
[Date "2010.07.10"]
[Round "1"]
[White "Weigelt,T"]
[Black "Ovsejevitsch,S"]
[Result "0-1"]
[WhiteElo "1897"]
[BlackElo "2594"]

1.d4 Nf6 2.c4 e6 3.Nf3 b6 4.Nc3 Bb7 5.Bg5 h6 6.Bxf6 Qxf6 7.e4 Bb4 8.Bd3 O-O
9.O-O Bxc3 10.bxc3 d6 11.Qd2 Nc6 12.h3 e5 13.d5 Na5 14.Nh2 Ba6 15.Ng4 Qg5
16.Ne3 Rac8 17.Qe2 c6 18.Rac1 Rc7 19.Nf5 cxd5 20.exd5 Bxc4 21.Nxd6 Bxd5 22.Ne4 Qg6
23.Ng3 Qe6 24.Bf5 Qf6 25.Qg4 g6 26.f4 Nc4 27.Rce1 exf4 28.Qxf4 Qd6 29.Qg4 Re7
30.Be4 Rfe8 31.Nh5 Rxe4 32.Nf6+ Qxf6 33.Rxf6 Rxg4 34.Rxe8+ Kg7  0-1

[Event "ZDMI Open"]
[Site "Dresden GER"]
[Date "2010.07.11"]
[Round "2"]
[White "Weigelt,T"]
[Black "Hoffmann,Pau"]
[Result "0-1"]
[WhiteElo "1897"]
[BlackElo "2382"]

1.d4 Nf6 2.Nf3 e6 3.c4 b6 4.Nc3 Bb7 5.a3 d6 6.Qc2 Nbd7 7.e4 e5 8.d5 a5 9.Be2 Be7
10.O-O Nf8 11.Be3 Ng6 12.Nd2 Bc8 13.b4 O-O 14.Nb5 Ng4 15.Bxg4 Bxg4 16.f3 Bd7
17.f4 exf4 18.Bxf4 Nxf4 19.Rxf4 axb4 20.a4 Bf6 21.Raf1 Be5 22.R4f3 Qh4 23.h3 Bg4
24.Rb3 Rxa4 25.Nf3 Bxf3 26.Rbxf3 Ra1 27.Rxa1 Bxa1 28.Nxc7 Qe1+ 29.Kh2 Bd4
30.h4 Qxh4+ 31.Rh3 Qf4+ 32.g3 Qf1 33.Qg2 Qxc4  0-1

[Event "ZDMI Open"]
[Site "Dresden GER"]
[Date "2010.07.11"]
[Round "2"]
[White "Kimmich,B"]
[Black "Iljin,A"]
[Result "0-1"]
[WhiteElo "1930"]
[BlackElo "2546"]

1.d4 Nf6 2.c4 e6 3.Nf3 b6 4.Nc3 Bb4 5.Bd2 Bb7 6.e3 O-O 7.Be2 d5 8.Rc1 a6
9.cxd5 exd5 10.O-O Bd6 11.Qc2 Nbd7 12.Bd3 Re8 13.Rfd1 Ne4 14.Be1 Qf6 15.Qb3 Qf5
16.Ne2 Rab8 17.Ng3 Qf6 18.Qa4 Re7 19.b4 b5 20.Qc2 Nb6 21.a3 Nc4 22.Qa2 Rbe8
23.Bxe4 dxe4 24.Nd2 Nb6 25.Qc2 Bd5 26.Ra1 Qg5 27.Rdc1 Re6 28.Qd1 Rh6 29.Nb3 f5
30.Nc5 f4 31.Nf1 f3 32.Ng3 fxg2 33.Kxg2 Qh4 34.Kf1 Bc4+ 35.Rxc4 Nxc4 36.Ncxe4 Rxe4
37.Nxe4 Qxe4  0-1

[Event "1st Open"]
[Site "Vaujany FRA"]
[Date "2010.07.12"]
[Round "3"]
[White "Szabolcsi,J"]
[Black "Neuhauser,S"]
[Result "0-1"]
[WhiteElo "2332"]
[BlackElo "2054"]

1.c4 Nf6 2.d4 e6 3.Nf3 b6 4.Nc3 Bb7 5.a3 Be7 6.d5 d6 7.e4 e5 8.Bd3 O-O 9.O-O Bc8
10.h3 Ne8 11.Kh2 g6 12.Bh6 Ng7 13.g4 Kh8 14.Qd2 Nd7 15.Rg1 Nf6 16.Rg3 Ng8
17.Rag1 Nxh6 18.Qxh6 Bd7 19.h4 f6 20.Nd1 Rf7 21.Qd2 Qf8 22.Ne3 Rb8 23.Qc2 h6
24.b4 Kg8 25.Nd2 Ra8 26.c5 dxc5 27.b5 Bd6 28.a4 Qe8 29.Ra1 Rf8 30.Ndc4 Qe7
31.Qd2 Kh7 32.h5 gxh5 33.gxh5 Nxh5 34.Nf1 Nxg3 35.Nxg3 Qg7 36.Rh1 Rh8 37.Ne3 Qg5
38.Kg2 Rag8 39.Kf1 Kg7 40.Rh5 Qg6 41.Be2 Kf8 42.Nef5 Bxf5 43.Rxf5 Ke7 44.Bh5 Qh7
45.Qe2 Rg5 46.Rxg5 fxg5 47.Qg4 Kd8 48.Qe6 Qe7 49.Qg6 Rf8 50.Qxh6 Qf6 51.Qxf6+ Rxf6
52.f3 Kc8 53.Ke2 Kb7 54.Nf5 Rf8 55.Ng7 Rh8 56.Be8 Rh2+ 57.Kd3 Ra2  0-1

[Event "I Open"]
[Site "Girona ESP"]
[Date "2010.07.14"]
[Round "2"]
[White "Mirasol Obrador,M"]
[Black "Garcia Martinez,Josep"]
[Result "0-1"]
[WhiteElo "1832"]
[BlackElo "2119"]

1.d4 Nf6 2.c4 b6 3.Nf3 e6 4.Nc3 Bb7 5.e3 Be7 6.Be2 O-O 7.O-O c5 8.b3 d5 9.Bb2 Nbd7
10.Rc1 Rc8 11.h3 Qc7 12.Qc2 dxc4 13.Bxc4 Bxf3 14.gxf3 cxd4 15.Nb5 Qe5 16.Nxd4 Qh5
17.Kg2 Qg5+ 18.Kh2 Bd6+ 19.f4 Qh6 20.Qe2 Rc5 21.Qf3 Rh5 22.Rg1 Kh8 23.Rg3 e5
24.Ne2 exf4 25.exf4 Rf5 26.Rcg1 Rxf4 27.Nxf4 Bxf4 28.Kg2 Bxg3 29.Qxg3 Qg6
30.Qxg6 fxg6 31.Re1 Re8 32.Rxe8+ Nxe8 33.Bb5 Ndf6 34.Be5 Kg8 35.Bb8 Kf8 36.Bxe8 Kxe8
37.Kf3 Kd7 38.Be5 Ke6 39.Bb2 g5 40.Ke3 g4 41.h4 Kf5 42.a4 h5 43.Ba3 Ke5 44.Bf8 Nd5+
45.Kd3 Nf4+ 46.Kc4 Ne6 47.Ba3 g5 48.hxg5 Nxg5  0-1

[Event "7th South Wales Int"]
[Site "Treforest WLS"]
[Date "2010.07.14"]
[Round "7"]
[White "Georgiev,Vl"]
[Black "Jaunooby,A"]
[Result "1-0"]
[WhiteElo "2586"]
[BlackElo "2155"]

1.d4 Nf6 2.c4 e6 3.Nf3 b6 4.Nc3 Bb4 5.e3 Bb7 6.Bd3 c5 7.O-O cxd4 8.exd4 O-O
9.Bg5 h6 10.Bh4 Be7 11.Bc2 d5 12.cxd5 exd5 13.Re1 Nbd7 14.Ne5 Ne4 15.Bxe7 Qxe7
16.f3 Nxc3 17.bxc3 Qd6 18.Qd3 g6 19.f4 f5 20.Qh3 Kg7 21.Nxg6 Qxg6 22.Re7+ Rf7
23.Rxd7 Bc8 24.Rxd5 Qg4 25.Qe3 Bb7 26.Qe5+ Kg6 27.h3  1-0

[Event "Aegean Open"]
[Site "Agios Kirykos GRE"]
[Date "2010.07.15"]
[Round "3"]
[White "Lemonis,Kyriakos"]
[Black "Kesoglou,K"]
[Result "0-1"]
[WhiteElo "1481"]
[BlackElo "2098"]

1.d4 Nf6 2.Nf3 e6 3.c4 b6 4.Nc3 Bb7 5.Bf4 d6 6.e3 Be7 7.Bd3 Nh5 8.Bg3 Nxg3
9.hxg3 h6 10.O-O Nd7 11.e4 O-O 12.d5 Bf6 13.Qc2 Nc5 14.b4 Nd7 15.Rac1 c6
16.Qb3 Qe7 17.Rfe1 Rfc8 18.a4 a5 19.b5 Nc5 20.Qd1 cxb5 21.Nxb5 e5 22.Nh2 Bg5
23.Rb1 Na6 24.Qg4 Nb4 25.Bf1 Ba6 26.f4 Bxb5 27.cxb5 Bf6 28.Nf3 Nc2 29.Re2 Rc3
30.Kf2 Qc7 31.Rc1 Qc5+  0-1

[Event "2nd Open"]
[Site "Rethymno GRE"]
[Date "2010.07.15"]
[Round "4"]
[White "Dubov,Danii"]
[Black "Kryvoruchko,Y"]
[Result "1/2-1/2"]
[WhiteElo "2446"]
[BlackElo "2609"]

1.d4 Nf6 2.c4 e6 3.Nf3 b6 4.Nc3 Bb7 5.a3 d5 6.Bg5 Be7 7.Qa4+ Qd7 8.Qb3 dxc4
9.Qxc4 O-O 10.Ne5 Qc8 11.e3 Ba6 12.Qb3 Bxf1 13.Rxf1 c5 14.O-O-O cxd4 15.exd4 Nc6
16.Kb1 Rd8 17.Nxc6 Qxc6 18.Bxf6 Bxf6 19.d5 exd5 20.Nxd5 Rac8 21.Rfe1 h6 22.f4 Re8
23.g3  1/2-1/2

[Event "1st Open"]
[Site "Vaujany FRA"]
[Date "2010.07.15"]
[Round "6"]
[White "Dickhoff,R"]
[Black "Olivier,JC"]
[Result "1/2-1/2"]
[WhiteElo "2131"]
[BlackElo "2377"]

1.d4 Nf6 2.c4 e6 3.Nf3 b6 4.Nc3 Bb7 5.Bg5 Be7 6.e3 Ne4 7.Bxe7 Qxe7 8.Nxe4 Bxe4
9.Bd3 Bxd3 10.Qxd3 O-O 11.O-O f5 12.Rfe1 Nc6 13.e4 fxe4 14.Rxe4 Qf6 15.Rae1 Nb4
16.Qd2 a5 17.a3 Na6 18.b4 axb4 19.axb4 c6 20.Ne5 Qe7 21.d5 Qxb4 22.Qxb4 Nxb4
23.dxe6 dxe6 24.Nd7 Rf7 25.Nxb6 Rb8 26.Na4 Nd3 27.Rf1 Rb4 28.Nc3 Nc5 29.Rh4 Rd7
30.Nd1 e5 31.Ne3 Rd2 32.Rh5 Nd3 33.Rf5 Rbb2 34.h4 Ra2 35.Rb1 Rdb2 36.Rxb2 Rxb2
37.h5 Re2 38.g4 e4 39.Kf1 Ra2 40.g5 Ra1+ 41.Kg2 Ra2 42.Kf1 Ra8 43.Kg2 Rf8
44.Rxf8+ Kxf8 45.Kg3 c5 46.Nf5 Kf7 47.Nd6+ Ke6 48.Nxe4 Ke5 49.f3 Kf5 50.Kh4 Ne5
51.Nxc5 Nxf3+ 52.Kg3 Nxg5 53.Nb3 Ne4+ 54.Kh4 Kf4 55.Nd4 Nc5 56.Ne2+ Ke4 57.Ng3+ Kf4
58.Ne2+ Ke5 59.Kg5 Ne4+ 60.Kg4 h6 61.Kh4 Nd6 62.c5 Ne8 63.c6 Kd5 64.Kg4 Kxc6
65.Kf5 Kd6 66.Kg6 Ke7 67.Nd4 Kf8 68.Ne6+ Kg8 69.Nxg7 Nxg7 70.Kxh6  1/2-1/2

[Event "33rd Taminco Open"]
[Site "Ghent BEL"]
[Date "2010.07.17"]
[Round "1"]
[White "Jonkheer,A"]
[Black "Freeke,M"]
[Result "0-1"]
[WhiteElo "1859"]
[BlackElo "2315"]

1.d4 e6 2.Nf3 Nf6 3.c4 b6 4.Nc3 Bb4 5.a3 Bxc3+ 6.bxc3 Ba6 7.e3 Nc6 8.Bd3 Na5
9.Qa4 O-O 10.e4 d5 11.exd5 exd5 12.Ne5 Qe8 13.Qxe8 Rfxe8 14.O-O Bxc4 15.Rd1 Bxd3
16.Rxd3 Nc4 17.Bf4 Nh5 18.Bg3 Nxg3 19.Nxc4 Ne2+ 20.Kf1 dxc4 21.Rf3 g5  0-1

[Event "2nd Open"]
[Site "Rethymno GRE"]
[Date "2010.07.17"]
[Round "6"]
[White "Borovikov,V"]
[Black "Prasanna,Ra"]
[Result "1/2-1/2"]
[WhiteElo "2601"]
[BlackElo "2373"]

1.d4 Nf6 2.Nf3 e6 3.c4 b6 4.Nc3 Bb7 5.a3 d5 6.cxd5 Nxd5 7.e3 g6 8.Bb5+ c6
9.Bd3 Bg7 10.O-O O-O 11.Na4 Nc7 12.b4 Nd7 13.Bb2 c5 14.dxc5 Bxb2 15.Nxb2 bxc5
16.Be2 cxb4 17.axb4 Nd5 18.Qb3 Qb6 19.Nc4 Qxb4  1/2-1/2

[Event "2nd Open"]
[Site "Rethymno GRE"]
[Date "2010.07.19"]
[Round "8"]
[White "Dubov,Danii"]
[Black "Banikas,H"]
[Result "0-1"]
[WhiteElo "2446"]
[BlackElo "2591"]

1.d4 Nf6 2.c4 e6 3.Nf3 b6 4.Nc3 Bb4 5.Bg5 h6 6.Bh4 Bb7 7.Nd2 c5 8.d5 Bxc3
9.bxc3 Qe7 10.e4 exd5 11.cxd5 g5 12.d6 Qxd6 13.Bg3 Qe6 14.Bd3 O-O 15.O-O d5
16.e5 Ne4 17.f4 f5 18.fxg5 Nxg3 19.hxg3 Qxe5 20.Nf3 Qe3+ 21.Kh2 c4 22.Bxc4 dxc4
23.Qd6 Qe8 24.Rae1 Qc6 25.Qf4 Nd7 26.Rd1 Rf7 27.gxh6 Nf8 28.Rd6 Qe4 29.Qg5+ Kh8
30.Nh4 Qe7 31.Qh5 Be4 32.Rd4 Rh7 33.g4 Rd8 34.Rxd8 Qxd8 35.g5 Qd6+ 36.Kh1 Qg3
37.Nf3 Re7 38.Qh4 Qxh4+ 39.Nxh4 Kh7 40.Nxf5 Rf7 41.Ne3 Rxf1+ 42.Nxf1 Ne6  0-1

[Event "XIX ch-Macedonia Open"]
[Site "Struga MKD"]
[Date "2010.07.19"]
[Round "3"]
[White "Tairi,K"]
[Black "Koteski,D"]
[Result "0-1"]
[WhiteElo "1614"]
[BlackElo "2261"]

1.d4 Nf6 2.c4 e6 3.Nf3 b6 4.Nc3 Bb7 5.Bg5 Be7 6.e3 d5 7.Bd3 Nbd7 8.O-O O-O
9.Qe2 Ne4 10.Bxe7 Qxe7 11.cxd5 exd5 12.Ba6 Nxc3 13.bxc3 Bc6 14.Bb5 Qd6 15.a4 Rfe8
16.Rfc1 Bb7 17.Bxd7 Qxd7 18.Ne5 Qd6 19.a5 f6 20.a6 Bc8 21.Qb5 Re6 22.Nd3 c6
23.Qb4 b5 24.Nf4 Qxb4 25.cxb4 Rd6 26.Rc5 Rb8 27.Rac1 g5 28.Nd3 Rb6 29.Ra1 Bf5
30.Rc3 Bxd3 31.Rxd3 Kf7 32.Kf1 Ke6 33.Ke2 f5 34.f4 g4 35.Kf2 Kd7 36.Rda3 Rb8
37.Kg3 Re8 38.Kf2 h5 39.Kg3 Rg6 40.Rf1 h4+ 41.Kf2 Reg8 42.Rh1 R8g7 43.g3 Rh7
44.Kg2 Rgh6 45.Raa1 hxg3 46.hxg3 Rxh1 47.Rxh1 Rxh1 48.Kxh1 Kc7 49.Kg1 Kb6
50.Kf1 Kxa6 51.Ke2 Kb6 52.Kd3 a5 53.Kc3 axb4+ 54.Kxb4 Ka6 55.Kc5 Kb7 56.Kb4 Kb6
57.Kb3 Ka5 58.Ka3 b4+ 59.Kb3 Kb5  0-1

[Event "6th WSCC U17"]
[Site "Kayseri TUR"]
[Date "2010.07.22"]
[Round "2"]
[White "Yapici,K"]
[Black "Tekeli,T"]
[Result "0-1"]
[WhiteElo "1848"]
[BlackElo "1912"]

1.d4 Nf6 2.Nf3 e6 3.c4 b6 4.Nc3 Bb4 5.Qc2 Bb7 6.Bg5 O-O 7.e3 h6 8.Bh4 d6
9.Bd3 Nbd7 10.O-O Bxc3 11.Qxc3 Qe7 12.Nd2 e5 13.f3 Rfe8 14.d5 a5 15.e4 g5
16.Bf2 Nh5 17.b4 axb4 18.Qxb4 Nf4 19.Bc2 g4 20.fxg4 Qg5 21.Bd1 h5 22.h4 Qg7
23.g5 f6 24.g3 Nh3+ 25.Kh2 Nxf2 26.Rxf2 fxg5 27.Bxh5 Rf8 28.Rxf8+ Rxf8 29.Bf3 gxh4
30.gxh4 Qh6 31.Rg1+ Kh8 32.Rg3 Rf4 33.Nf1 Rxh4+ 34.Kg1 Nf6 35.Qd2 Qf4 36.Qxf4 Rxf4
37.Ne3 Bc8 38.Ng2 Nxe4 39.Nxf4 Nxg3 40.Ng6+ Kg7 41.Ne7 Bd7 42.Kg2 Nf5 43.Nxf5+ Bxf5
44.Be2 Be4+ 45.Kf2 Kf6 46.Ke3 Bb1 47.a3 Kf5 48.Bd1 e4 49.Be2 Ke5 50.Bf1 Ba2
51.Be2 Bb3 52.Bf1 b5 53.c5 dxc5 54.Bxb5 c4 55.a4 c3 56.a5 Bxd5 57.Ba4 c5
58.a6 Kd6 59.a7 Kc7 60.Bb3 Ba8 61.Ke2 Kb6 62.Kd1 Kb5 63.Kc2 c4 64.Ba2 Kb4
65.Kd1 Ka3 66.Bb1 Kb2 67.Bc2 e3 68.Bf5 e2+ 69.Kxe2 c2 70.Ke3 Kc3  0-1

[Event "21st Czech GM Open"]
[Site "Pardubice CZE"]
[Date "2010.07.26"]
[Round "4"]
[White "Gutman,G"]
[Black "Zpevak,P"]
[Result "1/2-1/2"]
[WhiteElo "2502"]
[BlackElo "2410"]

1.d4 Nf6 2.Nf3 e6 3.c4 b6 4.Nc3 Bb7 5.a3 c5 6.d5 exd5 7.cxd5 d6 8.e4 a6 9.Bd3 g6
10.Bg5 Bg7 11.Qd2 b5 12.O-O O-O 13.Bh6 Nbd7 14.h3 Re8  1/2-1/2

[Event "21st Czech GM Open"]
[Site "Pardubice CZE"]
[Date "2010.07.27"]
[Round "5"]
[White "Stocek,J"]
[Black "Pileckis,E"]
[Result "1-0"]
[WhiteElo "2587"]
[BlackElo "2438"]

1.d4 Nf6 2.c4 e6 3.Nf3 b6 4.Nc3 Bb4 5.Qb3 Qe7 6.Bg5 Bb7 7.e3 h6 8.Bh4 a5
9.a3 Bxc3+ 10.bxc3 d6 11.c5 dxc5 12.Bb5+ c6 13.Be2 b5 14.O-O a4 15.Qc2 c4
16.Ne5 g5 17.Bg3 Nbd7 18.Rab1 Nb6 19.e4 Nfd7 20.Nxd7 Qxd7 21.f4 O-O-O 22.f5 Rdf8
23.Qd2 Qe7 24.fxe6 fxe6 25.d5 Rxf1+ 26.Rxf1 Nd7 27.dxe6 Qxe6 28.h3 Rd8 29.Bg4 Qe7
30.Rf7  1-0

[Event "6th WSCC U17"]
[Site "Kayseri TUR"]
[Date "2010.07.28"]
[Round "7"]
[White "Gor,O"]
[Black "Tekeli,T"]
[Result "1-0"]
[WhiteElo "1871"]
[BlackElo "1912"]

1.d4 Nf6 2.c4 e6 3.Nf3 b6 4.Nc3 Bb4 5.e3 Bb7 6.Bd3 c5 7.O-O Bxc3 8.bxc3 d6
9.Qe2 Nbd7 10.e4 e5 11.d5 Nh5 12.g3 Qe7 13.a4 h6 14.a5 g5 15.Ne1 Ndf6 16.Ng2 bxa5
17.f4 gxf4 18.gxf4 Rg8 19.Kh1 Ng4 20.f5 Qf6 21.Qf3 O-O-O 22.Bd2 Rg7 23.Be1 Nxh2
24.Kxh2 Rdg8 25.Qxh5 Rxg2+ 26.Kh1 R8g4 27.Be2 Rg5 28.Qf3 Qg7 29.Bf2 R2g4
30.Qh3 h5 31.Bxg4 hxg4 32.Qh4 g3 33.Bxg3 Rg4 34.Qh2 Rxe4 35.Ra4 Rxc4 36.Rxc4 Bxd5+
37.Kg1 Bxc4 38.Rb1 a4 39.Qg2 d5 40.Bxe5 Qxg2+ 41.Kxg2 Bb3 42.Kf3  1-0

[Event "21st Czech GM Open"]
[Site "Pardubice CZE"]
[Date "2010.07.28"]
[Round "6"]
[White "Mikhalevski,A"]
[Black "Tuvshintugs,B"]
[Result "1-0"]
[WhiteElo "2437"]
[BlackElo "2321"]

1.d4 Nf6 2.c4 e6 3.Nf3 b6 4.Nc3 Bb7 5.a3 d5 6.Bg5 Be7 7.Qa4+ Bc6 8.Qb3 dxc4
9.Qxc4 O-O 10.e3 Bb7 11.Be2 a6 12.O-O Nbd7 13.Rfd1 b5 14.Qd3 c5 15.e4 b4
16.axb4 cxb4 17.e5 bxc3 18.exf6 gxf6 19.Bh6 cxb2 20.Ra4 Nb6 21.Ne5 Be4 22.Qxe4 f5
23.Qe3 Bh4 24.Ra3 Re8 25.Qg3+  1-0

[Event "19th Open"]
[Site "Kavala GRE"]
[Date "2010.08.03"]
[Round "5"]
[White "Vorobiov,E"]
[Black "Friedel,J"]
[Result "1-0"]
[WhiteElo "2592"]
[BlackElo "2527"]

1.Nf3 Nf6 2.c4 b6 3.Nc3 e6 4.d4 Bb4 5.Qb3 c5 6.Bg5 h6 7.Bh4 Bb7 8.a3 Ba5
9.dxc5 Bxf3 10.gxf3 bxc5 11.O-O-O Nc6 12.e3 Rb8 13.Qc2 Bxc3 14.Qxc3 d6 15.Bg3 e5
16.Bg2 Qe7 17.f4 e4 18.Bh4 Qe6 19.f3 Rg8 20.fxe4 Nxe4 21.Qd3 f5 22.Bxe4 fxe4
23.Qxd6 Qxd6 24.Rxd6 Na5 25.Re6+ Kf7 26.Re7+ Kg6 27.Rxe4 Rge8 28.Rg1+ Kf7
29.Rxe8 Rxe8 30.Re1 Nxc4 31.e4 Nd6 32.e5 Nf5 33.Bf2 Rc8 34.Kc2 Ke6 35.Kc3 Kd5
36.e6 Ne7 37.Re5+ Kc6 38.Rxc5+ Kd6 39.Rxc8 Nxc8 40.f5  1-0

[Event "19th Open"]
[Site "Kavala GRE"]
[Date "2010.08.06"]
[Round "8"]
[White "Svetushkin,D"]
[Black "Kourousis,E"]
[Result "1-0"]
[WhiteElo "2560"]
[BlackElo "2229"]

1.d4 Nf6 2.c4 e6 3.Nf3 b6 4.Nc3 Bb7 5.Bg5 Be7 6.Qc2 h6 7.Bh4 c5 8.dxc5 bxc5
9.e3 d6 10.Be2 O-O 11.O-O Qb6 12.Rad1 a6 13.Rd2 Rd8 14.Rfd1 Nbd7 15.Ne1 Nf8
16.Bf3 Bxf3 17.Nxf3 Ra7 18.h3 Rad7 19.Bg3 Ne8 20.Rd3 Nh7 21.R1d2 Nhf6 22.Qd1 Qb4
23.b3 Qb7 24.Qe2 Ne4 25.Nxe4 Qxe4 26.Ne5 Rc7 27.Qh5 Bf8 28.Ng4 Kh7 29.f3 Qg6
30.Qxg6+ Kxg6 31.e4 h5 32.Ne3 Be7 33.e5 Rcd7 34.f4 f5 35.Be1 Ra7 36.Nd1 Raa8
37.Nc3 dxe5 38.fxe5 Rd4 39.Bf2 Rad8 40.Bxd4 cxd4 41.Ne2 Bg5 42.Rd1  1-0

[Event "FSIMB August"]
[Site "Budapest HUN"]
[Date "2010.08.12"]
[Round "6"]
[White "Petran,Pa"]
[Black "Maryasin,B"]
[Result "0-1"]
[WhiteElo "2372"]
[BlackElo "2339"]

1.d4 Nf6 2.Nf3 e6 3.c4 b6 4.Nc3 Bb7 5.Bg5 h6 6.Bh4 g5 7.Bg3 Bg7 8.e3 Nc6
9.Bd3 Nh5 10.a3 Nxg3 11.hxg3 Qe7 12.Qc2 O-O-O 13.Rh5 f5 14.O-O-O Rhf8 15.d5 Nb8
16.Nb5 Na6 17.Nxa7+ Kb8 18.Nb5 exd5 19.cxd5 Bxd5 20.Nfd4 Nc5 21.Bxf5 c6 22.Nc3 Bf7
23.g4 Bxh5 24.gxh5 Bxd4 25.exd4 Nb7 26.Bg6 d5 27.Kb1 Rf6 28.f3 Re6 29.Ka2 Re1
30.Rxe1 Qxe1 31.Na4 Kc7 32.Qf5 Qe7 33.Nc3 Nd6 34.Qc2 Nc4 35.Bd3  0-1

[Event "Pan-Armenian Olym"]
[Site "Yerevan ARM"]
[Date "2010.08.22"]
[Round "8"]
[White "Arutinian,D"]
[Black "Pogosian,M"]
[Result "1-0"]
[WhiteElo "2573"]
[BlackElo "2364"]

1.d4 Nf6 2.Nf3 e6 3.c4 b6 4.Nc3 Bb7 5.a3 Be7 6.d5 d6 7.e4 O-O 8.Be2 c6 9.O-O Na6
10.Nd4 c5 11.Nc2 exd5 12.cxd5 Nd7 13.Bf4 Nc7 14.Ne3 Ne5 15.Qd2 Ng6 16.Bg3 Bh4
17.b4 Bxg3 18.hxg3 cxb4 19.axb4 a6 20.Nc4 b5 21.Na5 Bc8 22.f4 f5 23.Rac1 fxe4
24.Nxe4 Bf5 25.Nb7 Qd7 26.Nexd6 Rab8 27.Bf3 Ne8 28.Nxf5 Rxb7 29.Nd4 Nd6 30.Ne6 Nc4
31.Qd4 Rf6 32.Nc5 Qc7 33.Nxb7 Qxb7 34.Rfe1 Rd6 35.Re8+ Kf7 36.Rce1 Qd7 37.R8e6 Nf8
38.Re7+  1-0

[Event "25th Open"]
[Site "Schwarzach AUT"]
[Date "2010.08.26"]
[Round "6"]
[White "Kunin,V"]
[Black "Krivoborodov,E"]
[Result "1/2-1/2"]
[WhiteElo "2534"]
[BlackElo "2499"]

1.d4 Nf6 2.c4 e6 3.Nf3 b6 4.Nc3 Bb7 5.Qc2 d5 6.Bg5 Be7 7.e3 O-O 8.Bd3 h6
9.Bxf6 Bxf6 10.cxd5 exd5 11.Rd1 c5 12.dxc5 bxc5 13.O-O d4 14.Bh7+ Kh8 15.Be4 Nc6
16.a3 Re8 17.Rfe1 Rc8 18.Qb1 Qd6 19.exd4 cxd4 20.b4 Ne5 21.Bxb7 Rxc3 22.Nxd4 Qb6
23.Bd5 Rd8 24.Nf3 Nxf3+ 25.Bxf3 Rxa3 26.Rxd8+ Qxd8 27.Bc6 Ra1 28.Qxa1 Bxa1
29.Re8+  1/2-1/2

[Event "TCh-SRB 1st League"]
[Site "Vrnjacka Banja SRB"]
[Date "2010.08.29"]
[Round "9"]
[White "Svetushkin,D"]
[Black "Carnic,S"]
[Result "1-0"]
[WhiteElo "2560"]
[BlackElo "2361"]

1.d4 Nf6 2.c4 e6 3.Nf3 b6 4.Nc3 Bb7 5.Bg5 Be7 6.Qc2 c5 7.dxc5 bxc5 8.e3 O-O
9.Be2 d6 10.O-O Nbd7 11.Rad1 Qb6 12.Rd2 Rfd8 13.Rfd1 a6 14.h3 h6 15.Bh4 Bc6
16.Bg3 Ne8 17.Nh2 Qb7 18.Bf3 Bxf3 19.Nxf3 Ndf6 20.Rd3 Ne4 21.Nxe4 Qxe4 22.Nd2 Qc6
23.Nb1 Nf6 24.Nc3 Ne4 25.Bh2 Nxc3 26.Qxc3 a5 27.Qd2 Ra6 28.Qe2 Qe4 29.Rb3 a4
30.Rb5 Qc6 31.e4 Raa8 32.Bf4 Bf8 33.Rd3 Rdb8 34.Rxb8 Rxb8 35.Bxh6 f5 36.exf5 exf5
37.Qe6+ Kh8 38.Bf4 Qe4 39.Qxe4 fxe4 40.Rd2 Kg8 41.Kf1 Rb4 42.Rc2 Kf7 43.Ke2 Ke6
44.Bd2 Rb7 45.Bc3 g6 46.Ke3 Kf5 47.g4+ Ke6 48.f3 exf3 49.Kxf3 Rf7+ 50.Kg2 d5
51.Re2+ Kd6 52.cxd5 Kxd5 53.Re5+ Kc4 54.Re4+ Kb5 55.Re6 a3 56.Rxg6 Ra7 57.b3 Rd7
58.Rg8 Be7 59.g5 Rd3 60.Bf6 Bd6 61.g6  1-0

[Event "7th Malaysia Open"]
[Site "Kuala Lumpur MAS"]
[Date "2010.09.02"]
[Round "3"]
[White "Polovina,E"]
[Black "Haslindah,R"]
[Result "1-0"]
[WhiteElo "2038"]
[BlackElo "1662"]

1.d4 Nf6 2.c4 e6 3.Nf3 b6 4.Nc3 Bb7 5.e3 Bb4 6.Bd3 O-O 7.O-O Bxc3 8.bxc3 d6
9.Qe2 Nbd7 10.e4 h6 11.Ba3 Re8 12.Nd2 c5 13.Qe3 Ng4 14.Qg3 Ngf6 15.Rae1 e5
16.d5 Nh5 17.Qf3 Nf4 18.Bc1 Nf6 19.Nb1 N6h5 20.g3 Nxd3 21.Qxd3 Qf6 22.Na3 Bc8
23.f4 Bh3 24.Rf2 exf4 25.Bxf4 Qg6 26.Qf3 Bg4 27.Qg2 Nxf4 28.gxf4 Qh5 29.Nb5 Rad8
30.Nxa7 Rd7 31.Nb5 Bh3 32.Qf3 Bg4 33.Qg3 f5 34.e5 dxe5 35.Rxe5 Rxe5 36.fxe5 Qg5
37.e6 Rd8 38.d6 Qc1+ 39.Kg2 Qe1 40.e7 Qe4+ 41.Kg1 Rd7 42.Rf4 Qe2 43.h3 Bh5
44.Rxf5 Qd1+ 45.Rf1 Qe2 46.Re1  1-0

[Event "7th Malaysia Open"]
[Site "Kuala Lumpur MAS"]
[Date "2010.09.07"]
[Round "9"]
[White "Tan Zhongyi"]
[Black "Tan Khai Boon"]
[Result "1/2-1/2"]
[WhiteElo "2461"]
[BlackElo "2160"]

1.d4 Nf6 2.c4 e6 3.Nf3 b6 4.Nc3 Bb4 5.Bg5 h6 6.Bh4 Bb7 7.e3 O-O 8.Bd3 d6
9.O-O Bxc3 10.bxc3 Nbd7 11.Nd2 Qe7 12.a4 a5 13.f4 Rfe8 14.Qc2 Qf8 15.Rae1 Rac8
16.h3 Kh8 17.g4 c5 18.g5 Ng8 19.f5 exf5 20.Bxf5 Qe7 21.Qd1 g6 22.Bxd7 Qxd7
23.Qg4 Qxg4+ 24.hxg4 Kg7 25.gxh6+ Nxh6 26.Bf6+ Kf8 27.Rf4 Ng8 28.Kf2 Nxf6
29.Rxf6 cxd4 30.cxd4 Ke7 31.Rf4 Bc6 32.Ra1 Rh8 33.Kg3 g5 34.Rf2 Rh6 35.d5 Bd7
36.Raf1 f6 37.Ne4 Rxc4 38.Nxf6 Rxf6 39.Rxf6 Rxg4+ 40.Kh2  1/2-1/2

[Event "TCh-ROU Superliga"]
[Site "Baile Herculane ROU"]
[Date "2010.09.09"]
[Round "6"]
[White "Jianu,V"]
[Black "Banikas,H"]
[Result "1-0"]
[WhiteElo "2528"]
[BlackElo "2590"]

1.d4 Nf6 2.c4 e6 3.Nf3 b6 4.Nc3 Bb4 5.Bg5 Bb7 6.Nd2 h6 7.Bh4 c5 8.a3 Ba5
9.d5 exd5 10.cxd5 Qe7 11.Qc2 Bxc3 12.Qxc3 Bxd5 13.O-O-O Be6 14.e4 Rg8 15.f4 g5
16.Bg3 gxf4 17.Bh4 Nxe4 18.Nxe4 Qxh4 19.Nf6+ Kf8 20.Nxg8 Kxg8 21.g3 Qg4 22.gxf4 Nc6
23.Qe3 Kf8 24.Rg1 Qh4 25.Bg2 Qf6 26.f5 Qxf5 27.Bxc6 dxc6 28.Qxh6+ Ke7 29.Rgf1 Qg6
30.Qh4+ f6 31.Rg1 Qf7 32.Qf4 Bd5 33.Qc7+ Kf8 34.Qd6+  1-0

[Event "FSIMB September"]
[Site "Budapest HUN"]
[Date "2010.09.11"]
[Round "8"]
[White "Petran,Pa"]
[Black "Titz,Hei"]
[Result "1-0"]
[WhiteElo "2348"]
[BlackElo "2225"]

1.d4 Nf6 2.c4 e6 3.Nf3 b6 4.Nc3 Bb4 5.Qb3 a5 6.g3 Bb7 7.Bg2 O-O 8.O-O Re8
9.Bf4 Bxc3 10.bxc3 Ra7 11.Rfd1 h6 12.a4 Ne4 13.Ne1 d5 14.Nc2 Nd7 15.Na3 dxc4
16.Qxc4 Ba6 17.Qb3 Nd6 18.c4 e5 19.dxe5 Nxe5 20.Nb5 Qb8 21.Rac1 Nxb5 22.cxb5 Bb7
23.Bxe5 Bxg2 24.Rd7 Rf8 25.Kxg2  1-0

[Event "EYCC Boys U12"]
[Site "Batumi GEO"]
[Date "2010.09.23"]
[Round "4"]
[White "Sibashvili,G"]
[Black "Zakaryan,David"]
[Result "1-0"]
[WhiteElo "1806"]
[BlackElo "2015"]

1.d4 Nf6 2.Nf3 e6 3.c4 b6 4.Nc3 Bb7 5.Bg5 Bb4 6.Qc2 d5 7.e3 Nbd7 8.cxd5 exd5
9.Bd3 h6 10.Bh4 O-O 11.O-O c5 12.a3 Bxc3 13.bxc3 Rc8 14.Qb2 Qc7 15.Rac1 Qd6
16.Bf5 Ne4 17.Ne5 Bc6 18.f3 Ng5 19.Bg3 Qe7 20.Nxc6 Rxc6 21.Qb5 Rfc8 22.e4 a6
23.Qxa6 cxd4 24.exd5 Rc5 25.Qb7 Rd8 26.Rfe1  1-0

[Event "EYCC Boys U18"]
[Site "Batumi GEO"]
[Date "2010.09.27"]
[Round "8"]
[White "Gorduladze,G"]
[Black "Dagis,Karlis"]
[Result "0-1"]
[WhiteElo "1809"]
[BlackElo "2123"]

1.d4 Nf6 2.Nf3 e6 3.c4 b6 4.Nc3 Bb7 5.Bf4 Bb4 6.Qb3 Bxc3+ 7.bxc3 O-O 8.c5 Nc6
9.e3 Ne7 10.Be2 Ne4 11.a4 Nd5 12.c4 Nxf4 13.exf4 Qf6 14.cxb6 axb6 15.Qe3 Ra5
16.Ne5 Qe7 17.O-O Rfa8 18.f3 Nd6 19.Qa3 f6 20.Nd3 Bc6 21.Nb2 Nf5 22.Qxe7 Nxe7
23.Bd1 Nf5 24.d5 exd5 25.cxd5 Bxd5 26.Re1 Nd4 27.Rc1 Rc5 28.Rxc5 bxc5 29.Be2 Nxe2+
30.Rxe2 Bc6  0-1

[Event "39th Olympiad Men"]
[Site "Khanty-Mansiysk RUS"]
[Date "2010.09.27"]
[Round "6"]
[White "Han,Da"]
[Black "Morrison,G SCO"]
[Result "0-1"]
[WhiteElo "2200"]
[BlackElo "2345"]

1.d4 Nf6 2.c4 e6 3.Nf3 b6 4.Nc3 Bb4 5.Qb3 c5 6.a3 Ba5 7.Bg5 Nc6 8.e3 h6 9.Bh4 g5
10.Bg3 g4 11.Ne5 cxd4 12.Nxc6 dxc6 13.O-O-O Bxc3 14.bxc3 d3 15.Bxd3 Qe7 16.Bh4 e5
17.Be4 Bd7 18.c5 Be6 19.Bxc6+ Kf8 20.Qb4 bxc5 21.Bxf6 Qxf6 22.Qxc5+ Kg7 23.Bxa8 Rxa8
24.Rd2 a5 25.Rf1 a4 26.Rd6 Qf5 27.f4 Rc8 28.Qa5 Qe4 29.Qxe5+ Qxe5 30.fxe5 Rxc3+
31.Kd2 Rxa3 32.Rc1 Rb3 33.Ra6 a3 34.Rc3 Rb2+ 35.Rc2 Bf5 36.Rc6 Bxc2 37.Rxc2 a2
38.Rxb2 a1=Q 39.Rc2 Qxe5 40.g3 Qe4 41.Rb2 h5 42.Rc2 Kg6 43.Rb2 h4 44.Rb6+ Kg7
45.Rd6 Qb4+  0-1

[Event "Karen Asrian Memorial"]
[Site "Jermuk ARM"]
[Date "2010.10.11"]
[Round "7"]
[White "Lomineishvili,M"]
[Black "Tamazyan,Haik"]
[Result "0-1"]
[WhiteElo "2355"]
[BlackElo "2151"]

1.d4 Nf6 2.c4 e6 3.Nf3 b6 4.Nc3 Bb4 5.Bg5 Bb7 6.e3 Bxc3+ 7.bxc3 d6 8.Bd3 Nbd7
9.Qc2 e5 10.Nd2 Bxg2 11.Rg1 Bc6 12.Bh4 Kf8 13.O-O-O Qc8 14.d5 Bb7 15.Bf5 Qe8
16.Ne4 Nxe4 17.Qxe4 Nc5 18.Qg4 g6 19.Bf6 Qa4 20.Bxh8 Bc8 21.Bxc8 Qxa2 22.Rd4 exd4
23.Kd1 d3 24.Ke1 Ne4 25.Qf3 d2+ 26.Kd1 Qb1+  0-1